000 00483nam a2200181Ia 4500
003 GCL
008 140319s9999 xx 000 0 eng d
040 _aGCL /
_cGCL
082 0 4 _a861
_bR A
100 1 _aRAMONEDA, ARTURO
245 1 0 _aANTOLOGIA POETICA DE LA GENERACION DEL 27 /
_cRAMONEDA, ARTURO
260 _a[S.N] :
_bEDITORIAL CASTALIA ،
_c1990
300 _a509 P
650 0 4 _aLITERATURE
650 0 4 _aSPANISH LITERATURE
650 0 4 _aSPANISH POETRY
942 _2ddc
_cBK
999 _c15242
_d15242